| 000 | 00902nam a2200325 a 4500 | ||
|---|---|---|---|
| 003 | AR-BaBNM | ||
| 005 | 20251128204137.0 | ||
| 008 | 082120s2002 ||||||||||||||000 | spa|| | ||
| 020 | _a950-25-0002-4 | ||
| 040 | _cAR-BaBNM | ||
| 100 | 1 | _aNosiglia, Julio E. | |
| 245 | 0 | 0 | _aEl desarrollismo |
| 260 |
_aBuenos Aires _bCentro Editor de América Latina _c1983 |
||
| 300 | _a193 p. | ||
| 490 | 0 |
_aBiblioteca política Argentina _vv. 3 |
|
| 600 | 1 | 4 | _aPerón, Juan Domingo |
| 600 | 1 | 4 | _aFrondizi, Arturo |
| 600 | 1 | 4 | _aFrigerio, Rogelio |
| 600 | 1 | 4 | _aAlsogaray, Alvaro C. |
| 610 | 2 | 4 | _aUnión Cívica Radical Intransigente [Argentina] |
| 650 | 4 | _aHISTORIA POLITICA | |
| 650 | 4 | _aEDUCACION LAICA | |
| 650 | 4 | _aPETROLEO | |
| 650 | 4 | _aPOLITICA EXTERIOR | |
| 650 | 4 | _aDOCTRINAS ECONOMICAS | |
| 651 | 4 | _aArgentina | |
| 800 | 1 |
_aTroncoso, Oscar _edirector |
|
| 942 | _cBK | ||
| 998 | _cCarmen | ||
| 999 |
_c6350 _d6350 |
||